[Event "Pan American U16"]
[Site "Bento Goncalves"]
[Date "2010.08.02"]
[Round "1"]
[White "Cutipa Loayza, Elfer Alonso"]
[Black "Salinas Herrera, Pablo Patricio"]
[Result "0-1"]
[WhiteElo "2002"]
[BlackElo "2249"]
[PlyCount "67"]
[EventDate "2010.08.02"]
[EventType "swiss"]
[EventRounds "9"]
[EventCountry "BRA"]
[SourceTitle "EXT 2013"]
[Source "ChessBase"]
[SourceDate "2012.11.22"]
[SourceVersion "1"]
[SourceVersionDate "2012.11.22"]
[SourceQuality "1"]

1. e4 c5 2. Nf3 e6 3. Qe2 Nc6 4. g3 g6 5. Bg2 Bg7 6. c3 Nge7 7. 0-0 d6 8. d3 0-0 9. Re1 Qc7 10. Bf4 e5 11. Be3 f5 12. Qd2 Be6 13. Ng5 Bd7 14. h4 h6 15. Nh3 Kh7 16. Na3 a6 17. Nc2 Rf7 18. Rad1 Raf8 19. f4 Be6 20. b3 b6 21. c4 fxe4 22. dxe4 Nd4 23. Rf1 Qd7 24. Kh2 b5 25. cxb5 axb5 26. Nxd4 cxd4 27. Bg1 Rc8 28. Rc1 Rff8 29. Nf2 exf4 30. gxf4 d5 31. Nd3 dxe4 32. Nc5 Rxc5 33. Rxc5 e3 34. Bxe3 0-1